1304 1644 1930 1938 1597 1777 1536 1921 1190 1536 1384 1351 1996 1425 1041 1182 1708 1270 1268 1558 1154 1044 1408 1088 1332 1318 1905 1232 1552 1003 1175 1938 1012 1521 1416 1147 1414 1260 1156 1422 1975 1206 1409 1779 1096 1553 1969 1154 1699 1263 1754 1687 1602 1991 1296 1247 1151 1149 1892 1520 1710 1259 1563 1660 1088 1378 1332 1009 1011 1693 1411 1579 1393 1122 1656 1273 1716 1043 1947 1541 1626 1877 1985 1893 1887 1304 1525 1861 1612 1203 1626 1634 1009 1620 1381 1992 1080 1965 1756 BCNSPRNW ULIB Ver.6.0+V

เปลี่ยนเป็นภาษาไทย

Change to English
 แสดงรายละเอียดบรรณานุกรม
  กลับหน้าหลัก

Brief Record : Get Marc (ISO 2709) : E-mail record : QR code < ปิดหน้าต่าง
LEADER : 00000nas 2200000uu 4500
001    13399124438
003     ULIB
008    150720s||||||||th 000 0 tha d
022 0  ^a0859-3949
110 1  ^aวิทยาลัยพยาบาลบรมราชชนนีพะเยา
245 00 ^aวารสารการพยาบาล การสาธารณสุข และการศึกษา/^cวิทยาลัยพยาบาลบรมราชชนนีพะเยา
246 0  ^aNursing Public Health and Education Journal
310    ^aรายสี่เดือน
850 ^a ULIB^bปีที่ 15 ฉบับที่ 3 ฉ.1 ;ปีที่ 18 ฉบับที่ 1 ฉ.1
945    ^p0^l0^i903148
945    ^p0^l0^i905820
999    ^aเกษร โพธิ์สุวรรณ
รายการนี้ยังไม่มีแท็ก
คุณยังไม่ได้ล็อกอิน คุณสามารถมีกิจกรรมร่วมกับเว็บไซต์ได้ แต่ต้องล็อกอินก่อน ::
  ล็อกอิน

รายการสื่อสารสนเทศ (วารสาร)

ดูแบบ: กล่อง รายการ
ARRIVED
ปีที่ 15 ฉบับที่ 3 ฉ.1
สถานที่: ห้องสมุดวิทยาเขตสวรรค์ประชารักษ์ >วารสาร
ARRIVED
ปีที่ 18 ฉบับที่ 1 ฉ.1
สถานที่: ห้องสมุดวิทยาเขตสวรรค์ประชารักษ์ >วารสาร

BibComment


ยังไม่เคยถูกคอมเมนท์

คอมเมนท์ทรัพยากรรายการนี้
  คอมเมนท์: วารสารการพยาบาล ..


 Copyright 2026. Bcnsprnw @Library